[Event "FRA-ch op-A"]
[Site "Pau"]
[Date "2008.08.21"]
[Round "9"]
[White "Lamouille, Patrick"]
[Black "Brunier, Jules"]
[Result "0-1"]
[WhiteElo "2052"]
[BlackElo "1937"]
[PlyCount "82"]
[EventDate "2008.08.11"]
[EventType "swiss"]
[EventRounds "9"]
[EventCountry "FRA"]
[SourceTitle "CBM 126 Extra"]
[Source "ChessBase"]
[SourceDate "2008.11.05"]
[SourceVersion "1"]
[SourceVersionDate "2008.11.05"]
[SourceQuality "1"]

1. d4 e6 2. c4 f5 3. g3 c6 4. Bg2 d5 5. Nf3 Nf6 6. 0-0 Bd6 7. b3 0-0 8. Nc3 Ne4 9. Qc2 Nd7 10. Bb2 Ndf6 11. Ne5 Bxe5 12. dxe5 Ng4 13. Nd1 Qg5 14. Bc1 Qh5 15. h3 Nxe5 16. Bb2 Nd7 17. Kh2 Qg6 18. e3 Ndf6 19. Nc3 Bd7 20. Ne2 Nh5 21. Rad1 Rfe8 22. g4 Nhf6 23. f3 Nd6 24. e4 fxg4 25. Nf4 Qg5 26. fxg4 Ndxe4 27. Nd3 e5 28. cxd5 cxd5 29. Qc7 Rac8 30. Qxb7 Rc2 31. Bc1 Qh4 32. Kg1 Rxg2+ 33. Kxg2 Qg3+ 34. Kh1 Qxh3+ 35. Kg1 Qxg4+ 36. Kh2 Qg3+ 37. Kh1 Ng4 38. Qxd5+ Be6 39. Bf4 Bxd5 40. Bxg3 Nxg3+ 41. Kg1 Ne2# 0-1

[Event "FRA-ch op-A"]
[Site "Pau"]
[Date "2008.08.17"]
[Round "6"]
[White "Lamouille, Patrick"]
[Black "Gras, Delphine"]
[Result "0-1"]
[WhiteElo "2052"]
[BlackElo "1993"]
[PlyCount "76"]
[EventDate "2008.08.11"]
[EventType "swiss"]
[EventRounds "9"]
[EventCountry "FRA"]
[SourceTitle "CBM 126 Extra"]
[Source "ChessBase"]
[SourceDate "2008.11.05"]
[SourceVersion "1"]
[SourceVersionDate "2008.11.05"]
[SourceQuality "1"]

1. d4 d5 2. Nf3 Nf6 3. c4 e6 4. g3 dxc4 5. Bg2 c6 6. a4 b5 7. axb5 cxb5 8. Bg5 Bb7 9. 0-0 h6 10. Bxf6 Qxf6 11. Qc2 Nc6 12. Rd1 Be7 13. b3 Nb4 14. Qb2 cxb3 15. Qxb3 0-0 16. Nc3 a6 17. Ne5 Bxg2 18. Nd7 Qf5 19. Nxf8 Bc6 20. e4 Qf3 21. d5 Bc5 22. Qb2 exd5 23. Nd7 Bxd7 24. Qe2 Bg4 25. Qxf3 Bxf3 26. Rdc1 Nd3 27. Rc2 Bd4 28. Ra5 Rc8 29. exd5 Rxc3 30. Rxc3 Bxc3 31. Rxa6 Bxd5 32. Ra3 b4 33. Ra4 Be6 34. Ra8+ Kh7 35. Rd8 Bc4 36. Rc8 Ne5 37. h4 b3 38. f4 b2 0-1

[Event "FRA-ch op-A"]
[Site "Pau"]
[Date "2008.08.15"]
[Round "4"]
[White "Lamouille, Patrick"]
[Black "Bekhouche, Christophe"]
[Result "1-0"]
[WhiteElo "2052"]
[BlackElo "1973"]
[PlyCount "83"]
[EventDate "2008.08.11"]
[EventType "swiss"]
[EventRounds "9"]
[EventCountry "FRA"]
[SourceTitle "CBM 126 Extra"]
[Source "ChessBase"]
[SourceDate "2008.11.05"]
[SourceVersion "1"]
[SourceVersionDate "2008.11.05"]
[SourceQuality "1"]

1. d4 Nf6 2. c4 c5 3. d5 b5 4. b3 g6 5. Bb2 Bg7 6. Nd2 bxc4 7. bxc4 0-0 8. g3 d6 9. Bg2 Nbd7 10. Nh3 Rb8 11. Bc3 Nb6 12. 0-0 e6 13. e4 exd5 14. cxd5 Bd7 15. a4 Qe8 16. a5 Na4 17. Bxf6 Bxf6 18. Rc1 Bb2 19. Rc2 Bb5 20. Nc4 Nc3 21. Qd3 Bxc4 22. Qxc4 Rb4 23. Qa6 Qa4 24. Rd2 Nb5 25. Nf4 Bc3 26. Rdd1 c4 27. Bh3 Be5 28. Bd7 Bxf4 29. gxf4 Rb8 30. e5 Qa3 31. Bxb5 R8xb5 32. Qxa7 dxe5 33. fxe5 c3 34. Qe3 Qxa5 35. e6 Rxd5 36. e7 Rg5+ 37. Kh1 Qc7 38. Rd8+ Kg7 39. e8N+ Kh6 40. Nxc7 c2 41. Rd5 f5 42. Ne6 1-0

[Event "FRA-ch op-A"]
[Site "Pau"]
[Date "2008.08.12"]
[Round "1"]
[White "Neri, Jean Baptiste"]
[Black "Lamouille, Patrick"]
[Result "1-0"]
[WhiteElo "1928"]
[BlackElo "2052"]
[PlyCount "49"]
[EventDate "2008.08.11"]
[EventType "swiss"]
[EventRounds "9"]
[EventCountry "FRA"]
[SourceTitle "CBM 126 Extra"]
[Source "ChessBase"]
[SourceDate "2008.11.05"]
[SourceVersion "1"]
[SourceVersionDate "2008.11.05"]
[SourceQuality "1"]

1. e4 g6 2. d4 Bg7 3. Nc3 d6 4. Be3 Nf6 5. f3 0-0 6. Qd2 c6 7. g4 e5 8. Nge2 b5 9. Ng3 b4 10. Nce2 a5 11. h4 Qe7 12. h5 d5 13. hxg6 fxg6 14. dxe5 Qxe5 15. Bd4 Qe7 16. g5 Ne8 17. exd5 Bb7 18. Bxg7 Kxg7 19. 0-0-0 cxd5 20. Nd4 Nc7 21. Re1 Qd7 22. Bh3 Qf7 23. Ndf5+ gxf5 24. Nxf5+ Kg6 25. Ne7+ 1-0